{"text_format":"3","workbook":"xls","n_sheets":1,"sheets":["原件 (报价) "],"not_rendered":{"external_links":1,"defined_names":2},"read":"whole","date_system":"1900","formulas":"cached_only"}

{"sheet":"原件 (报价) ","index":0,"n_rows":130,"n_cols":8,"rows_kept":130,"merged":[[0,0,0,7],[129,0,129,6]],"flags":["formulas_cached_only"]}
["2019年自然科学系耗材项目需求表（第三次招标）"]
["物 品 名 称","种类","产地","公司 (厂家) 名称","规格\n(或型号)","数量","单价","金 额\n(元)"]
["快速滤纸","材料、易耗品",null,null,"大张 60cm*60cm  ",20,2,40]
["精密试纸pH6.4~8.0","材料、易耗品",null,null,"包",10,2.5,25]
["精密试纸pH5.4-7.0","材料、易耗品",null,null,"5.4-7.0，包",20,2.5,50]
["精密试纸pH3.8~5.4","材料、易耗品",null,null,"包",10,2.5,25]
["瓷坩埚","材料、易耗品",null,null,"50mL",60,3.5,210]
["广泛试纸1-14","材料、易耗品",null,null,"包",20,2,40]
["无粉乳胶手套","材料、易耗品",null,null,"S，盒",5,35,175]
["橡胶手套","材料、易耗品",null,null,"S（加长耐用型光里手套），双",20,29,580]
["橡胶手套","材料、易耗品",null,null,"M（加长耐用型光里手套），双",10,29,290]
["普及型超纯水机TS-20耗材：精密滤芯","材料、易耗品","东莞市","陶氏水处理设备工程有限公司","10寸，支",8,19,152]
["普及型超纯水机TS-20耗材：CTO活性碳芯","材料、易耗品","东莞市","陶氏水处理设备工程有限公司","10寸，支",4,28,112]
["普及型超纯水机TS-20耗材：膜分离滤芯","材料、易耗品","东莞市","陶氏水处理设备工程有限公司","100加仑，支",4,280,1120]
["普及型超纯水机TS-20耗材：进口多级超纯水柱","材料、易耗品","东莞市","陶氏水处理设备工程有限公司","20升/H，支",8,187,1496]
["普及型超纯水机TS-20耗材：紫外线灯管","材料、易耗品","东莞市","陶氏水处理设备工程有限公司","10W，支",2,187,374]
["普及型超纯水机TS-20耗材：紫外线灯管套","材料、易耗品","东莞市","陶氏水处理设备工程有限公司","10W的灯管套，支",2,83,166]
["擦镜纸","材料、易耗品",null,null,"本",100,4.2,420]
["不锈钢双头药勺","材料、易耗品",null,null,"22cm，20支/盒，盒",5,60,300]
["牛角药勺","材料、易耗品",null,null,"22cm左右，支",15,10,150]
["乳胶帽","材料、易耗品",null,null,"个",2000,0.5,1000]
["玻璃水槽","材料、易耗品",null,null,"直径24cm，个",10,45,450]
["试管刷","材料、易耗品",null,null,"小号 全长20cm ,毛刷直接10mm，个",100,0.75,75]
["烧杯刷","材料、易耗品",null,null,"大号，个",60,6.5,390]
["封口膜","材料、易耗品",null,null,"50张/包，16cm×16cm，中间直径3cm，包",4,34,136]
["玻璃管","材料、易耗品",null,null,"壁厚约1mm  7-8  (长度1米-2米不一），kg",5,30,150]
["乳胶管","材料、易耗品",null,null,"直径6mm~9mm，米",100,4,400]
["硅胶管","材料、易耗品",null,null," 6*9mm，米",100,10,1000]
["000#胶塞","材料、易耗品",null,null,"个",60,0.2,12]
["0#胶塞","材料、易耗品",null,null,"个",30,0.5,15]
["1#胶塞","材料、易耗品",null,null,"个",30,0.5,15]
["2#胶塞","材料、易耗品",null,null,"个",30,0.6,18]
["3#胶塞","材料、易耗品",null,null,"个",30,0.8,24]
["4#胶塞","材料、易耗品",null,null,"个",30,1,30]
["5#胶塞","材料、易耗品",null,null,"个",30,1.2,36]
["6#胶塞","材料、易耗品",null,null,"个",30,1.4,42]
["7#胶塞","材料、易耗品",null,null,"个",30,1.6,48]
["8#胶塞","材料、易耗品",null,null,"个",30,2,60]
["100ml蓝盖试剂瓶(丝口玻璃瓶高硼硅透明)","材料、易耗品",null,null," 100ml\n材质：瓶身／玻璃、瓶盖／PP（聚丙烯） ● 螺口规格：GL-45　 ● 可用于高压灭菌 最高耐温到121°",100,20,2000]
["1000ml蓝盖试剂瓶(丝口玻璃瓶高硼硅透明)","材料、易耗品",null,null,"1000ml\n材质：瓶身／玻璃、瓶盖／PP（聚丙烯） ● 螺口规格：GL-45　 ● 可用于高压灭菌 最高耐温到121°",100,46,4600]
["500ml蓝盖试剂瓶(丝口玻璃瓶高硼硅透明)","材料、易耗品",null,null,"500ml\n材质：瓶身／玻璃、瓶盖／PP（聚丙烯） ● 螺口规格：GL-45　 ● 可用于高压灭菌 最高耐温到121°",100,30,3000]
["500ml蓝盖避光试剂瓶(丝口玻璃瓶高硼硅透明)","材料、易耗品",null,null,"500ml  棕色\n材质：瓶身／玻璃、瓶盖／PP（聚丙烯） ● 螺口规格：GL-45　 ● 可用于高压灭菌 最高耐温到121°",100,30,3000]
["25升HDPE塑料龙头瓶","低值品",null,null,"下口瓶 耐酸碱",10,240,2400]
["5升HDPE塑料龙头瓶","低值品",null,null,"下口瓶 耐酸碱",20,150,3000]
["南孚5#电池","材料、易耗品",null,null,"粒",40,3.9999999999999996,159.99999999999997]
["南孚7#电池","材料、易耗品",null,null,"粒",40,4,160]
["镍铬丝 10支/包","材料、易耗品",null,null,"包",2,5,10]
["称量瓶","材料、易耗品",null,null," 40*25mm 高型",20,5.5,110]
["滴定夹（蝴蝶夹）","材料、易耗品",null,null,"个",20,12,240]
["250ml碘量瓶","材料、易耗品",null,null,"个",20,50,1000]
["30ml白色玻璃滴瓶（带胶头）","材料、易耗品",null,null,"30ml  英式白色滴瓶",400,5,2000]
["60ml白色玻璃滴瓶（带胶头）","材料、易耗品",null,null,"60ml  英式白色滴瓶",100,7,700]
["聚四氟塞-梨形分液漏斗","材料、易耗品",null,null,"250ml，聚四氟芯",16,90,1440]
["聚四氟塞-梨形分液漏斗","材料、易耗品",null,null,"500ml",2,118,236]
["聚四氟塞-梨形分液漏斗","材料、易耗品",null,null,"1000ml",2,136,272]
["弹簧止水夹","材料、易耗品",null,null,"个",20,2.4,48]
["实验室专用直角夹","材料、易耗品",null,null,"铁直角夹（双丝质）\n大号  直径20mm",20,10,200]
["全铜座式酒精喷灯","低值品",null,null,"个",20,150,3000]
["实验室石棉网","材料、易耗品",null,null,"15cm",80,5,400]
["50ml玻璃容量瓶","材料、易耗品",null,null,"出口装 pp瓶盖 50ml",50,48,2400]
["500ml玻璃容量瓶","材料、易耗品",null,null,"出口装 pp瓶盖 500ml",4,82,328]
["1000ml玻璃容量瓶","材料、易耗品",null,null,"出口装 pp瓶盖 1000ml",4,96,384]
["50mL棕色玻璃容量瓶","材料、易耗品",null,null,"出口装 pp瓶盖 50ml 棕色",2,60,120]
["100mL棕色玻璃容量瓶","材料、易耗品",null,null,"出口装 pp瓶盖 100ml 棕色",2,70,140]
["1000mL棕色玻璃容量瓶","材料、易耗品",null,null,"出口装 pp瓶盖 1000ml 棕色",2,100,200]
["具玻璃板布什漏斗","材料、易耗品",null,null,"350ml 磨口24/40",5,236,1180]
["精密玻璃棒式水银温度计","材料、易耗品",null,null," 0.1分度,0-100摄氏度，支",20,40,800]
["精密玻璃棒式水银温度计","材料、易耗品",null,null,"0-200℃水银温度计  L=300mm，0-200℃，精度1，支",20,45,900]
["精密玻璃棒式水银温度计","材料、易耗品",null,null,"0-360℃水银温度计L=300mm， 0-360℃，精度1，支",20,50,1000]
["恒压滴液漏斗","材料、易耗品",null,null,"100ml/24*2，个",30,70,2100]
["圆底烧瓶（磨口）","材料、易耗品",null,null,"100ml/24#，个",30,30,900]
["玻璃三口连接管","材料、易耗品",null,null,"磨口  24x4，个",30,50,1500]
["玻璃二口连接管","材料、易耗品",null,null,"350ml 磨口24/40，个",30,32,960]
["真空接收管","材料、易耗品",null,null,"105℃  两端磨口，个",30,30,900]
["尾接管","材料、易耗品",null,null,"24#，个",30,26,780]
["韦氏（刺形）分馏柱","材料、易耗品",null,null,"300ml/24*3，个",30,70,2100]
["蒸馏头","材料、易耗品",null,null,"24*3，个",30,40,1200]
["直型冷凝管（磨口）","材料、易耗品",null,null,"400mm/24*2，个",20,50,1000]
["球形冷凝管（磨口）","材料、易耗品",null,null,"400mm/24*2，个",30,56,1680]
["温度计套管","材料、易耗品",null,null,"100mm 24 磨口，个",30,16,480]
["具四氟节门T形三通接头","材料、易耗品",null,null,"其中一端是磨口24#，个",30,80,2400]
["加厚标准磨口塞","材料、易耗品",null,null,"磨口24#，个",30,12,360]
["索氏提取管（脂肪抽出筒）","材料、易耗品",null,null,"250ml，个",30,70,2100]
["具塞比色管","材料、易耗品",null,null,"50ml，支",40,90,3600]
["具塞比色管","材料、易耗品",null,null,"25ml，支",20,76,1520]
["移液枪","低值品",null,null,"1-5mL 单道可变量程移液枪，支",10,320,3200]
["移液枪","低值品",null,null,"100-1000uL 单道可变量程移液枪，支",10,300,3000]
["5mL 大龙移液器吸头","材料、易耗品",null,null,"个",500,0.1,50]
["1mL 大龙移液器吸头","材料、易耗品",null,null,"个",500,0.1,50]
[]
["碘化钾","材料、易耗品",null,"西陇","AR500g",6,330,1980]
["邻菲罗啉","材料、易耗品",null,"西陇","AR5g",10,17,170]
["正丁醇 AR500ml","材料、易耗品",null,"西陇","AR500ml",5,20,100]
["石蕊 IND25g","材料、易耗品",null,"西陇","IND25g",5,83,415]
["酚酞","材料、易耗品",null,"西陇","IND25g",5,12,60]
["氨水","材料、易耗品",null,"西陇","AR500ml",10,12,120]
["D-果糖 BR25g","材料、易耗品",null,"国药","25g",2,47,94]
["块状石灰石","材料、易耗品",null,"西陇","1000g/袋",20,12,240]
["乙酸乙酯 AR500ml","材料、易耗品",null,"西陇","AR500ml",2,18,36]
["甲醇 AR500ml","材料、易耗品",null,"西陇","AR500ml",5,12,60]
["石油醚60~90℃ AR500ml ","材料、易耗品",null,"西陇","AR500ml",5,18,90]
["液体石蜡","材料、易耗品",null,"西陇","CP500ml",5,20,100]
["盐酸羟胺（氯化羟铵）","材料、易耗品",null,"西陇","AR100g",20,26,520]
["无水乙醇","材料、易耗品",null,"西陇","AR500ml",60,16,960]
["95%酒精","材料、易耗品",null,"西陇","GY20kg",6,360,2160]
["硫酸锰","材料、易耗品",null,"西陇","AR500g",4,28,112]
["氯化铵","材料、易耗品",null,"西陇","AR500g",3,12,36]
["硫化钠","材料、易耗品",null,"西陇","AR500g",1,16,16]
["硫代乙酰胺","材料、易耗品",null,"国药","≥98.0% 100g ",2,256,512]
["氢氧化钠","材料、易耗品",null,"西陇","AR500g",30,14,420]
["蔗糖","材料、易耗品",null,"西陇","AR500g",2,24,48]
["苯甲酸","材料、易耗品",null,"西陇","AR250g",1,28,28]
["桂皮酸(肉桂酸)","材料、易耗品",null,"西陇","AR100g",2,600,1200]
["甲基红","材料、易耗品",null,"西陇","IND25g",1,26,26]
["蛋白胨","材料、易耗品",null,"西陇","BR500g",1,46,46]
["牛肉膏","材料、易耗品",null,null,"500g",1,200,200]
["抗坏血酸","材料、易耗品",null,"西陇","AR25g",2,15,30]
["溴百里香酚兰（溴麝香草酚兰）","材料、易耗品",null,"西陇","IND10g",1,80,80]
["二乙基二硫代氨基甲酸纳 DDTC（二乙基二硫代氨基甲酸钠 三水合物）","材料、易耗品",null,"阿拉丁","ACS reagent 100g",3,318,954]
["乙腈","材料、易耗品",null,"西陇","500ml ",5,50,250]
["硫酸铵","材料、易耗品",null,"西陇","AR500g ",5,14,70]
["柠檬酸铵","材料、易耗品",null,"西陇","AR500g",5,35,175]
["甲醇","材料、易耗品",null,"西陇","色谱纯 4L",2,150,300]
["乙腈","材料、易耗品",null,"西陇","色谱纯 4L",2,300,600]
["亚硫酸氢钠","材料、易耗品",null,"西陇","500g",1,20,20]
["硫酸亚铁铵","材料、易耗品",null,"西陇","500g",1,20,20]
["邻苯二甲酸氢钾","材料、易耗品",null,"西陇","500g",1,20,20]
["苯胺","材料、易耗品",null,"西陇","500ml",2,100,200]
["二苯胺","材料、易耗品",null,"西陇","500ml",1,100,100]
["预算金额合计",{"$nulls":6},87502]